Career Development and Planning: A Comprehensive Approach (Record no. 5400)

MARC details
005 - DATE AND TIME OF LATEST TRANSACTION
control field 20250626143415.0
020 ## - INTERNATIONAL STANDARD BOOK NUMBER
International Standard Book Number 978-1-7924-8702-6
082 ## - DEWEY DECIMAL CLASSIFICATION NUMBER
Classification number 650.14 REA
100 ## - MAIN ENTRY--PERSONAL NAME
Author name REARDON, C. R
245 ## - TITLE STATEMENT
Title Career Development and Planning: A Comprehensive Approach
250 ## - EDITION STATEMENT
Edition statement 7th Ed.
260 ## - PUBLICATION, DISTRIBUTION, ETC.
Place of publication, distribution, etc. USA
Name of publisher, distributor, etc. Kendall Hunt Publishing Company
Date of publication, distribution, etc. 2022.
300 ## - PHYSICAL DESCRIPTION
Extent viii,316p.
Other physical details Index
Dimensions 27cm
700 ## - ADDED ENTRY--PERSONAL NAME
Other authors/Editors Janet G. Lenz
700 ## - ADDED ENTRY--PERSONAL NAME
Other authors/Editors Gary W. Peterson
700 ## - ADDED ENTRY--PERSONAL NAME
Other authors/Editors James P. Sampson
942 ## - ADDED ENTRY ELEMENTS (KOHA)
Source of classification or shelving scheme Dewey Decimal Classification
Koha item type Books
Holdings
Date last seen Total checkouts Full call number Barcode Cost, replacement price Price effective from Koha item type Lost status Source of classification or shelving scheme Damaged status Not for loan Withdrawn status Home library Current library Shelving location Date acquired Source of acquisition Cost, normal purchase price
06/26/2025   650.14 REA MZA0002294 997005.00 06/26/2025 Books   Dewey Decimal Classification       CBE Mwanza CBE Mwanza Special Reserve Collection 06/26/2024 Library Budget 332335.00
06/26/2025   650.14 REA MZA0002295 997005.00 06/26/2025 Books   Dewey Decimal Classification       CBE Mwanza CBE Mwanza Special Reserve Collection 06/26/2024 Library Budget 332335.00